HIGH COURT CRIMINAL SESSION No. 326 of 1965 Uganda Vs Yovani Bomiji (Record no. 6256)

MARC details
000 -LEADER
fixed length control field 00424nam a22001097a 4500
008 - FIXED-LENGTH DATA ELEMENTS--GENERAL INFORMATION
fixed length control field 150616b xxu||||| |||| 00| 0 eng d
010 ## - LIBRARY OF CONGRESS CONTROL NUMBER
Field link and sequence number HCCRSF: 001
245 ## - TITLE STATEMENT
Title HIGH COURT CRIMINAL SESSION No. 326 of 1965 Uganda Vs Yovani Bomiji
260 ## - PUBLICATION, DISTRIBUTION, ETC. (IMPRINT)
Place of publication, distribution, etc High Court Kampala
500 ## - GENERAL NOTE
Materials specified (Original Criminal Case No. 279/65 in the District Court at mbale <br/>Before TT.K. Munanye, Esq. 2/c. Mag)
500 ## - GENERAL NOTE
Materials specified Before The Hon. Mr. Justice Fuad
Holdings
Withdrawn status Lost status Source of classification or shelving scheme Damaged status Koha normalized classification for sorting Not for loan Location (home branch) Sublocation or collection (holding branch) Shelving location Date acquired Koha issues (times borrowed) Koha full call number Piece designation (barcode) Koha date last seen Price effective from Koha item type Public note
    Dewey Decimal Classification   HCCRSF__001   Archives Archives Archives 06/16/2015   HCCRSF_001 0466/2015 06/16/2015 06/16/2015 Un Reported Cases Judgement was entered on 3/8/65